Banky sú lekármi firiem
Generálny riaditeľ Credit Lyonnais Bank Slovakia, a.s., o postavení a perspektívach bankového sektora na Slovensku. Poskytovanie bankových úverov.
Salvato in:
| Autore principale: | |
|---|---|
| Altri autori: | |
| Natura: | Capitolo di libro |
| Lingua: | slovacco |
| Soggetti: | |
| Tags: |
Nessun Tag, puoi essere il primo ad aggiungerne!!
|
MARC
| LEADER | 00000naa a2200000 4500 | ||
|---|---|---|---|
| 001 | r018232 | ||
| 005 | 20221213095615.2 | ||
| 041 | 0 | |a slo | |
| 044 | |a SK | ||
| 245 | 1 | 0 | |a Banky sú lekármi firiem |c V. Valach, E. Bujačková |
| 520 | |a Generálny riaditeľ Credit Lyonnais Bank Slovakia, a.s., o postavení a perspektívach bankového sektora na Slovensku. Poskytovanie bankových úverov. | ||
| 610 | 2 | 0 | |a Slovensko |
| 610 | 2 | 0 | |a 1995 |
| 610 | 2 | 0 | |a bankovníctvo |
| 610 | 2 | 0 | |a banky |
| 610 | 2 | 0 | |a Credit Lyonnais Bank Slovakia |
| 610 | 2 | 0 | |a úver bankový |
| 610 | 2 | 0 | |a služby bankové |
| 100 | 1 | |a Valach, V. | |
| 700 | 1 | |a Bujačková, E. | |